Sports Quiz

Random Sports or Auto Racing Quiz
Score 0/12 Timer 03:00
0 Plays Today
Wins Driver % Correct
73*Lewis Hamilton
99.9%
47*Sebastian Vettel
99.7%
11Fernando Alonso
97.7%
23Nico Rosberg
96.1%
8*Max Verstappen
95.5%
8Jenson Button
95.2%
7Mark Webber
94.4%
7*Daniel Ricciardo
93%
3*Kimi Räikkönen
92.4%
7*Valtteri Bottas
89.7%
2*Charles Leclerc
87.2%
1Pastor Maldonado
83.8%
Remove Ads.
Support Sporcle.
Get the best of Sporcle when you Go Orange. This ad-free experience offers more features, more stats, and more fun while also helping to support Sporcle. Thank you for becoming a member.

You're not logged in!

Compare scores with friends on all Sporcle quizzes.
OR
Log In

Show Comments

Extras

Top Quizzes Today


Score Distribution

Your Account Isn't Verified!

In order to create a playlist on Sporcle, you need to verify the email address you used during registration. Go to your Sporcle Settings to finish the process.

Report this User

Report this user for behavior that violates our Community Guidelines.

Details: